<?xml version="1.0" encoding="UTF-8"?>
<collection xmlns="http://www.loc.gov/MARC21/slim">
 <record>
  <leader>00865nam a22001817i 4500</leader>
  <controlfield tag="001">000717354</controlfield>
  <controlfield tag="008">240815s1923    ??     fr     000 0 cze?d</controlfield>
  <datafield tag="STA" ind1=" " ind2=" ">
   <subfield code="a">Rychlá katalogizace</subfield>
  </datafield>
  <datafield tag="100" ind1=" " ind2=" ">
   <subfield code="a">Comte, Auguste</subfield>
  </datafield>
  <datafield tag="245" ind1=" " ind2="0">
   <subfield code="a">Soziologie</subfield>
  </datafield>
  <datafield tag="250" ind1=" " ind2=" ">
   <subfield code="a">zweite auflage</subfield>
  </datafield>
  <datafield tag="264" ind1=" " ind2="1">
   <subfield code="a">Jena</subfield>
   <subfield code="b">Gustav Fischer</subfield>
   <subfield code="c">1923</subfield>
  </datafield>
  <datafield tag="300" ind1=" " ind2=" ">
   <subfield code="a">více svazků</subfield>
  </datafield>
  <datafield tag="996" ind1=" " ind2=" ">
   <subfield code="1">PDPZ1</subfield>
   <subfield code="3">FP9683/I</subfield>
   <subfield code="4">PC=?</subfield>
   <subfield code="5">3142370374</subfield>
   <subfield code="7">I. Band</subfield>
   <subfield code="8">20240815</subfield>
   <subfield code="f">95</subfield>
   <subfield code="h">I. Band</subfield>
   <subfield code="l">UEP01</subfield>
   <subfield code="m">BOOK</subfield>
   <subfield code="q">Knihovna Žižkov depoz. 1</subfield>
   <subfield code="t">prezenční - lze objednat</subfield>
   <subfield code="u">UEP01</subfield>
   <subfield code="w">20240815</subfield>
  </datafield>
  <datafield tag="996" ind1=" " ind2=" ">
   <subfield code="1">PDPZ1</subfield>
   <subfield code="3">FP9683/II</subfield>
   <subfield code="4">PC=?</subfield>
   <subfield code="5">3142370375</subfield>
   <subfield code="7">II. Band</subfield>
   <subfield code="8">20240815</subfield>
   <subfield code="f">95</subfield>
   <subfield code="h">II. Band</subfield>
   <subfield code="l">UEP01</subfield>
   <subfield code="m">BOOK</subfield>
   <subfield code="q">Knihovna Žižkov depoz. 1</subfield>
   <subfield code="t">prezenční - lze objednat</subfield>
   <subfield code="u">UEP01</subfield>
   <subfield code="w">20240815</subfield>
  </datafield>
  <datafield tag="996" ind1=" " ind2=" ">
   <subfield code="1">PDPZ1</subfield>
   <subfield code="3">FP9683/III</subfield>
   <subfield code="4">PC=?</subfield>
   <subfield code="5">3142370880</subfield>
   <subfield code="7">III. Band</subfield>
   <subfield code="8">20240815</subfield>
   <subfield code="f">95</subfield>
   <subfield code="h">III. Band</subfield>
   <subfield code="l">UEP01</subfield>
   <subfield code="m">BOOK</subfield>
   <subfield code="q">Knihovna Žižkov depoz. 1</subfield>
   <subfield code="t">prezenční - lze objednat</subfield>
   <subfield code="u">UEP01</subfield>
   <subfield code="w">20240815</subfield>
  </datafield>
 </record>
</collection>
